Badly Drawn Country Shapes #1 - Statistics

General Stats
  • This quiz has been taken 31 times
  • The average score is 6 of 10
Answer Stats
Picture Answer % Correct
Australia
88%
Chile
88%
France
88%
Senegal
80%
Cuba
64%
Sweden
60%
Estonia
48%
Iran
48%
Poland
16%
Qatar
8%
No matching quizzes found
Score Distribution
Percent of People with Each Score
Percentile by Number Answered
Your Score History
You have not taken this quiz